Geography Quiz

Random Geography or State Quiz

States of Germany Quiz Stats

 Plays Quiz Updated Oct 30, 2018

     
Support Sporcle.
Go Orange.
Score 0/16 Timer 05:00
72 Plays Today
State % Correct
Berlin
93.2%
Bavaria
92%
Hamburg
82.3%
Saxony
77%
Bremen
70.3%
Lower Saxony
66.4%
Brandenburg
66.1%
Saarland
63.7%
State % Correct
Hesse
63.4%
Schleswig-Holstein
56.2%
Thuringia
55.1%
Saxony-Anhalt
54.8%
North Rhine-Westphalia
53.9%
Baden-Württemberg
49.7%
Rhineland-Palatinate
48.5%
Mecklenburg-West Pomerania
45.9%
Remove Ads.
Support Sporcle.
Get the best of Sporcle when you Go Orange. This ad-free experience offers more features, more stats, and more fun while also helping to support Sporcle. Thank you for becoming a member.

Show Comments

Extras

Top Quizzes Today


Score Distribution

Your Account Isn't Verified!

In order to create a playlist on Sporcle, you need to verify the email address you used during registration. Go to your Sporcle Settings to finish the process.

Report this User

Report this user for behavior that violates our Community Guidelines.

Details: